[Event "OPEN A Condom 2008"]
[Site "Condom"]
[Date "????.??.??"]
[Round "1.2"]
[White "Lebraud, Eric"]
[Black "Grigore, George-Gabriel"]
[Result "0-1"]
[WhiteElo "2017"]
[BlackElo "2517"]
[PlyCount "54"]

1. d4 Nf6 2. Bg5 Ne4 3. Bh4 g5 4. f3 gxh4 5. fxe4 c5 6. e3 Bh6 7. Nd2 Bxe3 8.
d5 Bxg1 9. Rxg1 Qc7 10. Rh1 Qe5 11. c3 d6 12. Qf3 Rg8 13. Bb5+ Bd7 14. Bxd7+
Nxd7 15. O-O-O Qg5 16. Rhg1 Ne5 17. Qe2 O-O-O 18. Kb1 f5 19. exf5 Qxf5+ 20. Ka1
Qc2 21. Rc1 Qd3 22. Qxd3 Nxd3 23. Rcf1 Rdf8 24. Nf3 Nf4 25. Nxh4 Nxd5 26. Rd1
Ne3 27. Rd2 Rf4 0-1

[Event "OPEN A Condom 2008"]
[Site "Condom"]
[Date "????.??.??"]
[Round "1.3"]
[White "Okhotnik, Vladimir"]
[Black "Vaillant, Stephane"]
[Result "1-0"]
[WhiteElo "2468"]
[BlackElo "2016"]
[PlyCount "55"]

1. e4 e6 2. d4 d5 3. exd5 exd5 4. Nf3 Bd6 5. c4 Nf6 6. Nc3 c6 7. cxd5 cxd5 8.
Bg5 Be7 9. Bb5+ Bd7 10. Bxf6 Bxf6 11. Qe2+ Kf8 12. Nxd5 Nc6 13. Bxc6 Bxc6 14.
Nxf6 Qxf6 15. Ne5 Rd8 16. O-O Rxd4 17. Rfd1 Rxd1+ 18. Rxd1 Qe7 19. Re1 Qd8 20.
Nxc6 bxc6 21. Qe5 h5 22. Qc5+ Kg8 23. Qxc6 Kh7 24. Qe4+ g6 25. Qb7 Rf8 26. Qxa7
Qd2 27. Qe7 Kg8 28. Qe2 1-0

[Event "OPEN A Condom 2008"]
[Site "Condom"]
[Date "????.??.??"]
[Round "1.4"]
[White "Pagnoncelli, Herve"]
[Black "Inkiov, Ventzislav"]
[Result "0-1"]
[WhiteElo "1970"]
[BlackElo "2446"]
[PlyCount "74"]

1. d4 Nf6 2. c4 e6 3. Nf3 d5 4. Nc3 Bb4 5. Bg5 dxc4 6. e4 c5 7. Bxc4 cxd4 8.
Nxd4 Bxc3+ 9. bxc3 Qa5 10. Bb5+ Bd7 11. Bxf6 gxf6 12. Bxd7+ Nxd7 13. O-O Rg8
14. Qb3 Nc5 15. Qb5+ Qxb5 16. Nxb5 Ke7 17. f3 a6 18. Nd4 Rac8 19. Rac1 b5 20.
c4 Nd3 21. Rc3 bxc4 22. Rb1 Rgd8 23. Ne2 Rb8 24. Rd1 Rb2 25. Nc1 Nf4 26. Rxd8
Rxg2+ 27. Kh1 Kxd8 28. Rxc4 Rd2 29. h4 h5 30. a4 Rb2 31. Rd4+ Ke7 32. Rc4 a5
33. Kg1 Kd6 34. Kf1 Rb1 35. Kf2 Rxc1 36. Rxc1 Nd3+ 37. Ke2 Nxc1+ 0-1

[Event "OPEN A Condom 2008"]
[Site "Condom"]
[Date "????.??.??"]
[Round "1.5"]
[White "Lejarre, Ludovic"]
[Black "Larand, Manuel"]
[Result "1-0"]
[WhiteElo "2409"]
[BlackElo "1966"]
[PlyCount "47"]

1. e4 c6 2. d4 Na6 3. c3 Nc7 4. Bd3 g6 5. Nf3 Bg7 6. Nbd2 Nh6 7. h4 d5 8. h5
Bg4 9. Qb3 Qc8 10. Ne5 Be6 11. Qc2 Ng4 12. Nxg4 Bxg4 13. f3 dxe4 14. Nxe4 Be6
15. Bd2 Nb5 16. O-O-O Nd6 17. hxg6 hxg6 18. Rxh8+ Bxh8 19. Rh1 Kd7 20. Nc5+ Kc7
21. Re1 Nf5 22. Bf4+ Kd8 23. g4 Ng7 24. Qh2 1-0

[Event "OPEN A Condom 2008"]
[Site "Condom"]
[Date "????.??.??"]
[Round "1.6"]
[White "Bouthier, Jacques"]
[Black "Bujisho, Benjamin"]
[Result "0-1"]
[WhiteElo "1965"]
[BlackElo "2402"]
[PlyCount "78"]

1. e4 c5 2. Nf3 a6 3. d4 cxd4 4. c3 d3 5. Bxd3 d6 6. O-O e6 7. c4 Nf6 8. Nc3
Be7 9. Be3 Nbd7 10. Rc1 O-O 11. Nd4 Qc7 12. Bb1 b6 13. f4 Bb7 14. Qe2 Rac8 15.
b3 Qb8 16. Kh1 Rfe8 17. Bg1 Qa8 18. Nf3 g6 19. f5 Bf8 20. fxe6 fxe6 21. Bd4 Bg7
22. e5 Bxf3 23. Rxf3 Nxe5 24. Rg3 Nh5 25. Bxe5 dxe5 26. Rf3 Rf8 27. Rxf8+ Rxf8
28. Ne4 Qd8 29. Rd1 Qh4 30. g3 Qe7 31. Qe3 Qc7 32. Bc2 Nf6 33. Nxf6+ Rxf6 34.
Qe4 Bf8 35. h4 Bc5 36. Qg4 Qf7 37. Rd8+ Kg7 38. Be4 h5 39. Qg5 Rf1+ 0-1

[Event "OPEN A Condom 2008"]
[Site "Condom"]
[Date "????.??.??"]
[Round "1.7"]
[White "Simon, Olivier"]
[Black "Morel, Jean-Marc"]
[Result "1-0"]
[WhiteElo "2381"]
[BlackElo "1965"]
[PlyCount "101"]

1. e4 c6 2. d4 d5 3. Nc3 dxe4 4. Nxe4 Bf5 5. Ng3 Bg6 6. h4 h6 7. Nf3 Nd7 8. h5
Bh7 9. Bd3 Bxd3 10. Qxd3 e6 11. Bf4 Ngf6 12. O-O-O Nd5 13. Bd2 Qc7 14. Kb1 Bd6
15. Ne4 Bf4 16. Qa3 c5 17. Bxf4 Nxf4 18. c4 b6 19. g3 Ne2 20. Qd3 Nxd4 21. Nxd4
cxd4 22. Qxd4 f6 23. Rhe1 Rd8 24. Nd6+ Ke7 25. Rxe6+ Kf8 26. Rde1 Kg8 27. Re7
Qc5 28. Qg4 Qg5 29. Qe6+ Kh7 30. Rxd7 Rxd7 31. Qxd7 Qxh5 32. Qf5+ Qxf5+ 33.
Nxf5 Kg6 34. Ne3 h5 35. b4 h4 36. gxh4 Rxh4 37. Rg1+ Kh5 38. Rxg7 Rf4 39. Rg2
Kh4 40. Kc2 Kh3 41. Kd3 f5 42. Rg3+ Kh2 43. Rg5 Rxf2 44. Rxf5 Rxa2 45. Rf2+
Rxf2 46. Ng4+ Kg2 47. Nxf2 a5 48. bxa5 bxa5 49. c5 a4 50. c6 a3 51. Kc3 1-0

[Event "OPEN A Condom 2008"]
[Site "Condom"]
[Date "????.??.??"]
[Round "1.9"]
[White "Piceu, Tom"]
[Black "Sivan, Michel"]
[Result "1-0"]
[WhiteElo "2375"]
[BlackElo "1943"]
[PlyCount "51"]

1. d4 Nf6 2. c4 g6 3. Nc3 Bg7 4. e4 d6 5. f4 O-O 6. Nf3 c5 7. d5 e6 8. Be2 exd5
9. cxd5 Re8 10. e5 Nfd7 11. e6 fxe6 12. O-O Nf6 13. Ng5 Na6 14. dxe6 d5 15. f5
gxf5 16. Bh5 Bxe6 17. Bxe8 Qxe8 18. Re1 Ne4 19. Nxe6 Qxe6 20. Qxd5 Nc7 21.
Qxe6+ Nxe6 22. Nxe4 fxe4 23. Rxe4 Nd4 24. Bg5 h6 25. Bf4 b5 26. Be5 1-0

[Event "OPEN A Condom 2008"]
[Site "Condom"]
[Date "????.??.??"]
[Round "1.10"]
[White "Devecchi, Jorge"]
[Black "Van Elst, Andreas"]
[Result "0-1"]
[WhiteElo "1938"]
[BlackElo "2336"]
[PlyCount "40"]

1. e4 c5 2. Nf3 e6 3. d4 cxd4 4. Nxd4 a6 5. Be3 Nf6 6. f3 Qc7 7. Qd2 d5 8. Bd3
dxe4 9. fxe4 Bd6 10. Nc3 O-O 11. Nde2 Ng4 12. Bd4 Ne5 13. O-O-O Nbc6 14. Bg1
Rd8 15. Kb1 b5 16. Bxb5 Ba3 17. Bxc6 Rxd2 18. Bxa8 Qb8 19. Kc1 Nc4 20. Rxd2
Qxb2+ 0-1

[Event "OPEN A Condom 2008"]
[Site "Condom"]
[Date "????.??.??"]
[Round "1.11"]
[White "Genzling, Alain"]
[Black "Paraillous, Maxime"]
[Result "1-0"]
[WhiteElo "2326"]
[BlackElo "1937"]
[PlyCount "87"]

1. e4 e6 2. d4 d5 3. Nc3 Bb4 4. e5 c5 5. a3 Bxc3+ 6. bxc3 Qc7 7. Bd3 b6 8. Qg4
f5 9. Qh5+ g6 10. Qd1 Ba6 11. Nf3 Bxd3 12. Qxd3 Nc6 13. Ng5 c4 14. Qg3 Qd7 15.
h4 O-O-O 16. h5 gxh5 17. Rxh5 Re8 18. Qh2 h6 19. Bd2 Nd8 20. a4 a6 21. Ke2 Kc7
22. Bc1 Kb7 23. Qh1 Qg7 24. Rh2 Ne7 25. Nh3 Ng6 26. Rb1 Ka7 27. Ba3 Nf7 28. Qc1
Rb8 29. g3 Rhg8 30. Qe3 Rb7 31. Rhh1 Rh8 32. Rb2 Qg8 33. Rhb1 Nd8 34. Rxb6 Nf8
35. Bc5 Kb8 36. Bxf8 Qg4+ 37. Qf3 Rxf8 38. Qxg4 fxg4 39. Nf4 Rff7 40. Rxb7+
Rxb7 41. Rh1 Rh7 42. Rh4 Kb7 43. Rxg4 Kb6 44. Rg6 1-0

[Event "OPEN A Condom 2008"]
[Site "Condom"]
[Date "????.??.??"]
[Round "1.12"]
[White "Muratet, Lucas"]
[Black "Rooze, Jan"]
[Result "1/2-1/2"]
[WhiteElo "1934"]
[BlackElo "2298"]
[PlyCount "82"]

1. e4 c5 2. Nf3 e6 3. d4 cxd4 4. Nxd4 Nc6 5. Nxc6 bxc6 6. Bd3 Nf6 7. O-O d5 8.
Nc3 Be7 9. Qe2 O-O 10. f4 Rb8 11. Kh1 c5 12. e5 Ne8 13. b3 f5 14. Na4 Bd7 15.
Nb2 Nc7 16. c4 d4 17. Bc2 Na6 18. Nd3 Bc6 19. Bd2 Rf7 20. a3 Bf8 21. Rfb1 Rfb7
22. Rb2 Be4 23. Rab1 Qc8 24. Qf1 Qc6 25. Bd1 Rc8 26. Bf3 Nb8 27. Qe2 Bxf3 28.
Qxf3 Qxf3 29. gxf3 Nc6 30. Kg2 a5 31. Kf2 Rcb8 32. Ke2 a4 33. bxa4 Rxb2 34.
Rxb2 Rxb2 35. Nxb2 Kf7 36. Kd3 Ke8 37. Kc2 Kd7 38. a5 Nb8 39. Kb3 Na6 40. Ka4
Kc6 41. Nd3 Be7 1/2-1/2

[Event "OPEN A Condom 2008"]
[Site "Condom"]
[Date "????.??.??"]
[Round "1.13"]
[White "Maenhout, Thibaut"]
[Black "Tchefranoff, Stephane"]
[Result "1-0"]
[WhiteElo "2277"]
[BlackElo "1928"]
[PlyCount "41"]

1. e4 c6 2. Nc3 d5 3. Nf3 Bg4 4. h3 Bxf3 5. Qxf3 e6 6. a3 Nd7 7. d3 Ngf6 8. g4
h6 9. Bg2 Qb6 10. O-O Bd6 11. Qe2 O-O-O 12. b4 Be5 13. Bd2 g5 14. b5 h5 15.
bxc6 Qxc6 16. d4 Bxd4 17. Nb5 Qc5 18. Bb4 Qb6 19. Nd6+ Kb8 20. Rab1 Nc5 21.
Bxc5 1-0

[Event "OPEN A Condom 2008"]
[Site "Condom"]
[Date "????.??.??"]
[Round "1.15"]
[White "Klimakovs, Sergejs"]
[Black "Ouerk, Yanis"]
[Result "0-1"]
[WhiteElo "2265"]
[BlackElo "1918"]
[PlyCount "72"]

1. e4 c5 2. Nf3 Nc6 3. d4 cxd4 4. Nxd4 Nf6 5. Nc3 d6 6. g3 Nxd4 7. Qxd4 g6 8.
Bg2 Bg7 9. O-O O-O 10. Qb4 a5 11. Qb3 Ra6 12. a4 Rb6 13. Nb5 Be6 14. Qd3 Ng4
15. f4 Qc8 16. Rf3 Bc4 17. Qd2 Bxb5 18. axb5 Rxb5 19. h3 Qc5+ 20. Kh1 Nf6 21.
Rc3 Qb6 22. Rca3 Ra8 23. Qe2 Nd7 24. R1a2 Bxb2 25. Qxb5 Qxb5 26. Rxb2 Qe2 27.
Be3 Rc8 28. Bg1 b6 29. Bf3 Qf1 30. Bg4 e6 31. Kh2 Qc1 32. Raa2 a4 33. c4 Rxc4
34. Bf3 a3 35. Rd2 Nc5 36. Rd1 Rc2+ 0-1

[Event "OPEN A Condom 2008"]
[Site "Condom"]
[Date "????.??.??"]
[Round "1.21"]
[White "Brethes, Francois"]
[Black "Bulteau, Sarah"]
[Result "1-0"]
[WhiteElo "2194"]
[BlackElo "1909"]
[PlyCount "67"]

1. d4 Nf6 2. Nf3 g6 3. c3 Bg7 4. Bg5 d6 5. Nbd2 Bf5 6. Bxf6 Bxf6 7. e4 Bg4 8.
e5 dxe5 9. dxe5 Bxe5 10. Qa4+ Bd7 11. Qb3 Bg7 12. Qxb7 Nc6 13. Bb5 Rb8 14. Qa6
Rb6 15. Qa4 a6 16. Bxc6 Bxc6 17. Qc2 Qb8 18. Nc4 Rb5 19. a4 Rd5 20. O-O O-O 21.
Rfe1 e6 22. Nfe5 Ba8 23. Rad1 Rfd8 24. Rxd5 Rxd5 25. Qc1 Qf8 26. Qe3 f6 27. Nd3
e5 28. Nb4 Rc5 29. b3 Bh6 30. Qh3 Bb7 31. Nxa6 Bxa6 32. Qe6+ Qf7 33. Qxa6 Rd5
34. a5 1-0

[Event "OPEN A Condom 2008"]
[Site "Condom"]
[Date "????.??.??"]
[Round "1.26"]
[White "Catala, Laurent"]
[Black "Massoni, Michael"]
[Result "1-0"]
[WhiteElo "1873"]
[BlackElo "2172"]
[PlyCount "61"]

1. e4 c5 2. Nf3 e6 3. d4 cxd4 4. Nxd4 a6 5. a4 Qc7 6. Bd3 Nf6 7. Nc3 b6 8. Qe2
d6 9. O-O g6 10. Nb3 Bg7 11. f4 Nbd7 12. Be3 O-O 13. Bd4 Nc5 14. Kh1 Nxb3 15.
cxb3 e5 16. fxe5 dxe5 17. Bg1 Bb7 18. Rac1 Qd8 19. Rcd1 Nh5 20. Qf2 Qg5 21. Bc4
b5 22. axb5 axb5 23. Bxb5 f5 24. Qd2 Nf4 25. Bc4+ Kh8 26. Nd5 fxe4 27. Be3 Qg4
28. Nxf4 exf4 29. Rxf4 Rxf4 30. Bxf4 e3 31. Qd8+ 1-0

[Event "OPEN A Condom 2008"]
[Site "Condom"]
[Date "????.??.??"]
[Round "1.27"]
[White "Humeau, Cyril"]
[Black "Boukhris-Ferre, Yacine"]
[Result "1-0"]
[WhiteElo "2170"]
[BlackElo "1870"]
[PlyCount "89"]
[EventDate "2008.??.??"]

1. d4 e6 2. e4 d5 3. Nc3 h6 4. exd5 exd5 5. Nf3 Nf6 6. Bf4 Bb4 7. Bd3 Qe7+ 8.
Qe2 Qxe2+ 9. Kxe2 c6 10. Rhe1 O-O 11. Kf1 Be6 12. a3 Be7 13. Ne5 Nbd7 14. Ng6
Rfe8 15. Nxe7+ Rxe7 16. Bd6 Ree8 17. f3 a5 18. Ne2 Nf8 19. Nf4 g5 20. Ne2 Ng6
21. c3 Nh4 22. Ng3 a4 23. Re2 Bd7 24. Rae1 Rxe2 25. Rxe2 Re8 26. Be5 Nh7 27.
Bc2 b5 28. Kf2 f6 29. Bxh7+ Kxh7 30. Bxf6 Rxe2+ 31. Nxe2 Nf5 32. Be5 Kg6 33.
Nc1 Ne7 34. Nd3 Bf5 35. Nc5 Nc8 36. g4 Bb1 37. Bc7 h5 38. Nd7 Ne7 39. Bd8 Kf7
40. Ne5+ Ke8 41. Bxe7 Kxe7 42. Nxc6+ Kf6 43. gxh5 Kg7 44. Ne7 Ba2 45. Kg3 1-0

[Event "OPEN A Condom 2008"]
[Site "Condom"]
[Date "????.??.??"]
[Round "1.41"]
[White "Hugaert, Arthur"]
[Black "Blaisie, Philippe"]
[Result "1-0"]
[WhiteElo "2065"]
[BlackElo "1722"]
[PlyCount "77"]

1. c4 c5 2. Nf3 Nf6 3. Nc3 Nc6 4. d4 cxd4 5. Nxd4 d6 6. Bg5 e6 7. Ndb5 Be7 8.
Bxf6 gxf6 9. Ne4 d5 10. cxd5 Bb4+ 11. Nec3 exd5 12. Qxd5 O-O 13. a3 Qa5 14. Rc1
Bxc3+ 15. Nxc3 Be6 16. Qf3 Qg5 17. e3 Rad8 18. h4 Qh6 19. Be2 Nd4 20. Qh5 Qxh5
21. Bxh5 Nb3 22. Rd1 Rxd1+ 23. Bxd1 Rd8 24. Bc2 f5 25. Nb5 a6 26. Bxb3 Bxb3 27.
Nd4 Be6 28. Ke2 Kg7 29. Rd1 Bc4+ 30. Kf3 Kf6 31. Rc1 Bd5+ 32. Kf4 Bxg2 33. f3
Bxf3 34. Kxf3 Re8 35. Rc5 Re5 36. Rxe5 Kxe5 37. Nb3 b6 38. Nd2 f6 39. Nc4+ 1-0

[Event "OPEN A Condom 2008"]
[Site "Condom"]
[Date "????.??.??"]
[Round "3.9"]
[White "Schuermans, Robert"]
[Black "Borsos, Bogdan"]
[Result "1-0"]
[WhiteElo "2125"]
[BlackElo "2377"]
[PlyCount "93"]

1. e4 e5 2. Bc4 Nf6 3. d4 exd4 4. Nf3 d5 5. exd5 Bb4+ 6. c3 Qe7+ 7. Be2 dxc3 8.
bxc3 Bd6 9. O-O h6 10. Bb5+ Kf8 11. Re1 Qd8 12. Nbd2 a6 13. Ba4 Nbd7 14. Nc4
Nc5 15. Nxd6 cxd6 16. Ba3 Bg4 17. Bxc5 dxc5 18. c4 Qa5 19. Rb1 Bxf3 20. gxf3
Rb8 21. d6 g6 22. Re7 b6 23. Bc2 Qc3 24. Qe2 Ng8 25. Re5 Kg7 26. Rd1 Nf6 27. d7
Rhd8 28. Re3 Qb2 29. Re7 Qc3 30. Qe6 Rf8 31. d8=Q Rbxd8 32. Rxd8 Qxc2 33. Rxf8
Qc1+ 34. Kg2 Qg5+ 35. Qg4 Kxf8 36. Qxg5 hxg5 37. Rb7 b5 38. cxb5 axb5 39. Rxb5
Nd7 40. a4 Ke7 41. a5 Kd6 42. a6 Kc6 43. a7 Kxb5 44. a8=Q Nb6 45. Qb7 c4 46.
Kf1 c3 47. Ke2 1-0

[Event "OPEN A Condom 2008"]
[Site "Condom"]
[Date "????.??.??"]
[Round "3.12"]
[White "Forster, Sven"]
[Black "Sanchez, Nicolas"]
[Result "0-1"]
[WhiteElo "2119"]
[BlackElo "2229"]
[PlyCount "96"]

1. Nf3 Nf6 2. c4 g6 3. Nc3 Bg7 4. e4 d6 5. d4 O-O 6. h3 e5 7. d5 a5 8. Bg5 Na6
9. g4 Qe8 10. Nd2 Nd7 11. Rg1 Ndc5 12. a3 Bd7 13. Rb1 a4 14. Qf3 f6 15. Be3 Kh8
16. Qg3 Qf7 17. Bg2 Rae8 18. h4 Rg8 19. f3 f5 20. Bxc5 Nxc5 21. Ke2 fxg4 22.
fxg4 Qf4 23. Bh1 Rgf8 24. g5 Qxg3 25. Rxg3 Rf4 26. Ke3 Rxh4 27. Bf3 h6 28. Rbg1
Rf8 29. Nb5 Bxb5 30. cxb5 h5 31. Rc1 b6 32. Rc3 Ra8 33. Rc4 Bf8 34. Rb4 Be7 35.
Nb1 Rh2 36. Nc3 h4 37. Rg4 Rh3 38. Ne2 Rf8 39. Ng1 Rh2 40. Ne2 Kg7 41. Rc4 Rh8
42. Rg1 Rh3 43. Rg4 Rf8 44. Ng1 Rh2 45. Ne2 Bd8 46. Bg2 h3 47. Bf3 Nd3 48. Rxa4
Ne1 0-1

[Event "OPEN A Condom 2008"]
[Site "Condom"]
[Date "????.??.??"]
[Round "3.17"]
[White "Lebraud, Eric"]
[Black "Michiels, Rob"]
[Result "0-1"]
[WhiteElo "2017"]
[BlackElo "2267"]
[PlyCount "68"]

1. d4 Nf6 2. Bg5 Ne4 3. Bh4 d5 4. f3 Nf6 5. Nc3 c6 6. e4 dxe4 7. fxe4 Qa5 8.
Qd2 Qh5 9. Bg3 g6 10. Nf3 Bg4 11. Be2 Nbd7 12. O-O Bh6 13. Bf4 Bxf4 14. Qxf4
O-O 15. h3 Bxf3 16. Bxf3 Qa5 17. e5 Ne8 18. Bg4 f5 19. Be2 Qb4 20. Rab1 Ng7 21.
a3 Qa5 22. h4 e6 23. h5 Qd8 24. hxg6 hxg6 25. Qh6 Qb6 26. Rf2 Rfd8 27. Rd1 Qxb2
28. Rd3 Nxe5 29. Rh3 Nd7 30. Qxg6 Nf8 31. Qf6 Qxa3 32. Ne4 Qa1+ 33. Kh2 Qxd4
34. Qh4 Qxe4 0-1

[Event "OPEN A Condom 2008"]
[Site "Condom"]
[Date "????.??.??"]
[Round "3.18"]
[White "Klimakovs, Sergejs"]
[Black "Milnes, Anthony C P"]
[Result "1-0"]
[WhiteElo "2265"]
[BlackElo "2034"]
[PlyCount "71"]

1. e4 e6 2. d4 d5 3. Nd2 Nc6 4. Ngf3 Nf6 5. e5 Nd7 6. Be2 f6 7. exf6 Qxf6 8.
Nf1 Bd6 9. Ne3 O-O 10. O-O Nb6 11. c4 dxc4 12. Nxc4 Bf4 13. Bxf4 Qxf4 14. Nce5
Nxe5 15. dxe5 Bd7 16. Qb3 Rae8 17. Rac1 Bc6 18. h3 Nd5 19. Bd3 Nb6 20. Be2 Nd5
21. Rc4 Qf7 22. Bd3 Nf4 23. Bxh7+ Kh8 24. Rxc6 bxc6 25. Be4 Rb8 26. Qc2 c5 27.
g3 Nxh3+ 28. Kg2 Nf4+ 29. gxf4 g6 30. Rh1+ Kg7 31. Rh7+ Kxh7 32. Ng5+ Kg7 33.
Nxf7 Rxf7 34. Qxc5 Rbf8 35. Kg3 Rxf4 36. f3 1-0

[Event "OPEN A Condom 2008"]
[Site "Condom"]
[Date "????.??.??"]
[Round "3.19"]
[White "Iglesias, Joachim"]
[Black "Larand, Manuel"]
[Result "1-0"]
[WhiteElo "2187"]
[BlackElo "1966"]
[PlyCount "59"]

1. d4 c6 2. c4 Na6 3. Nc3 g6 4. e4 Bg7 5. f4 d6 6. Nf3 Nh6 7. h3 f6 8. Be3 Qa5
9. Qd2 Nf7 10. Be2 Bd7 11. O-O O-O 12. a3 Qc7 13. b4 Rae8 14. Rad1 Nb8 15. d5
c5 16. g4 b6 17. Bd3 Qc8 18. Nh4 Na6 19. b5 Nc7 20. e5 dxe5 21. f5 g5 22. Nf3
Nd6 23. h4 h5 24. hxg5 hxg4 25. g6 g3 26. Nh4 e4 27. Bxe4 Nxc4 28. Qe2 Nxe3 29.
Qh5 Rf7 30. gxf7+ 1-0

[Event "OPEN A Condom 2008"]
[Site "Condom"]
[Date "????.??.??"]
[Round "3.25"]
[White "Hirschmann, Georges"]
[Black "Favarel, Camille"]
[Result "1-0"]
[WhiteElo "1911"]
[BlackElo "2102"]
[PlyCount "133"]

1. d4 Nf6 2. Nf3 e6 3. c4 b6 4. g3 Ba6 5. b3 Bb7 6. Bg2 Bb4+ 7. Bd2 c5 8. dxc5
Bxc5 9. O-O O-O 10. Nc3 Na6 11. a3 Be7 12. Bf4 Nc5 13. Nd2 Bxg2 14. Kxg2 Nh5
15. Be3 f5 16. b4 Nb7 17. f3 Bd6 18. f4 Rc8 19. Rc1 Bb8 20. Qb3 g5 21. fxg5 f4
22. gxf4 Nxf4+ 23. Bxf4 Rxf4 24. Nce4 Qc7 25. Rxf4 Qxf4 26. Qh3 Qf5 27. Qxf5
exf5 28. Nf6+ Kg7 29. Nd5 Nd6 30. c5 Nb5 31. a4 Nd4 32. e3 Ne6 33. Ne7 Rf8 34.
cxb6 axb6 35. Rf1 f4 36. e4 Nxg5 37. h4 Ne6 38. Nc4 Kf7 39. Nd5 Rg8+ 40. Kf2 b5
41. axb5 Nd4 42. Ke1 Re8 43. Nd2 Rc8 44. Kd1 Ne6 45. Nb6 Rc7 46. Nd5 Ra7 47.
Nb3 Ra3 48. Kc2 Be5 49. Rd1 Ra2+ 50. Kd3 Ra3 51. Kc2 Ra2+ 52. Kd3 Rh2 53. b6
Rxh4 54. Rc1 f3 55. Rf1 Nf4+ 56. Nxf4 Rxf4 57. Ke3 Ke7 58. Rxf3 Rxf3+ 59. Kxf3
Kd8 60. Nc5 Kc8 61. b7+ Kd8 62. Na6 Ke7 63. b8=Q Bxb8 64. Nxb8 d6 65. Nc6+ Ke6
66. Kf4 d5 67. e5 1-0

[Event "OPEN A Condom 2008"]
[Site "Condom"]
[Date "????.??.??"]
[Round "4.1"]
[White "Sikula, Vaszilij"]
[Black "Piceu, Tom"]
[Result "1/2-1/2"]
[WhiteElo "2540"]
[BlackElo "2375"]
[PlyCount "41"]

1. e4 c5 2. Nf3 d6 3. d4 cxd4 4. Nxd4 Nf6 5. Nc3 a6 6. Be2 e5 7. Nb3 Be7 8. O-O
O-O 9. Re1 Be6 10. Bf3 Nbd7 11. a4 Rc8 12. a5 Nc5 13. Nd2 b5 14. axb6 Qxb6 15.
Nf1 Qb7 16. Qe2 Rfe8 17. Rd1 Bf8 18. Qe1 h6 19. b3 Rb8 20. h3 Nfd7 21. Ng3
1/2-1/2

[Event "OPEN A Condom 2008"]
[Site "Condom"]
[Date "????.??.??"]
[Round "4.2"]
[White "Bujisho, Benjamin"]
[Black "Song, Julien"]
[Result "1-0"]
[WhiteElo "2402"]
[BlackElo "2236"]
[PlyCount "57"]

1. d4 e6 2. Nf3 Nf6 3. c3 Be7 4. Bg5 h6 5. Bh4 b6 6. Nbd2 c5 7. e3 O-O 8. Bd3
Ba6 9. Bxa6 Nxa6 10. Qe2 Qc8 11. g4 Qb7 12. Rg1 g6 13. g5 Ne4 14. gxh6 Nxd2 15.
Kxd2 Bxh4 16. Nxh4 Kh7 17. Qg4 d6 18. Qg5 Rg8 19. Qf6 Rae8 20. Nf3 Qe7 21. Ng5+
Kxh6 22. Nxf7+ Kh7 23. Qxe7 Rxe7 24. Nxd6 e5 25. dxe5 Rxe5 26. Ke2 Rh5 27. Ne4
Kg7 28. Rad1 Rf8 29. Rd6 1-0

[Event "OPEN A Condom 2008"]
[Site "Condom"]
[Date "????.??.??"]
[Round "4.3"]
[White "Decoster, Frederic"]
[Black "Okhotnik, Vladimir"]
[Result "1/2-1/2"]
[WhiteElo "2264"]
[BlackElo "2468"]
[PlyCount "81"]

1. e4 e5 2. Nf3 Nc6 3. Bb5 a6 4. Ba4 Nf6 5. O-O Be7 6. Re1 b5 7. Bb3 d6 8. c3
O-O 9. h3 Rb8 10. d4 exd4 11. cxd4 d5 12. e5 Ne4 13. Nbd2 Bf5 14. Bc2 Nb4 15.
Bb1 c5 16. Qe2 Qb6 17. a3 Nc6 18. Nxe4 dxe4 19. Bxe4 Bxe4 20. Qxe4 Nxd4 21.
Nxd4 cxd4 22. Bf4 Rbd8 23. Rad1 b4 24. axb4 Bxb4 25. Re2 Rfe8 26. Qd3 a5 27.
Rc2 Bf8 28. Qc4 h6 29. e6 Qxe6 30. Rxd4 Rxd4 31. Qxd4 Qf5 32. Rc4 g5 33. Be3
Bg7 34. Qd2 Qb1+ 35. Rc1 Qxb2 36. Qxa5 Bd4 37. Qd2 Qxd2 38. Bxd2 Re2 39. Be1
Ra2 40. Kf1 f5 41. Rd1 1/2-1/2

[Event "OPEN A Condom 2008"]
[Site "Condom"]
[Date "????.??.??"]
[Round "4.4"]
[White "Sanchez, Nicolas"]
[Black "Lejarre, Ludovic"]
[Result "1-0"]
[WhiteElo "2229"]
[BlackElo "2409"]
[PlyCount "59"]

1. d4 Nf6 2. c4 g6 3. Nc3 Bg7 4. e4 d6 5. Nf3 O-O 6. Be2 Na6 7. O-O e5 8. Re1
c6 9. Rb1 exd4 10. Nxd4 Re8 11. Bf3 h6 12. h3 Nh7 13. Bf4 Ng5 14. h4 Qf6 15.
Bg3 Qxd4 16. hxg5 Qxc4 17. gxh6 Be5 18. Bxe5 Rxe5 19. Qxd6 Qe6 20. Qd8+ Kh7 21.
Qf8 Qf6 22. Rbd1 Bg4 23. Qxa8 Bxf3 24. Qd8 Re7 25. gxf3 Nc5 26. e5 Qg5+ 27. Kf1
Qh4 28. Ne4 Qh3+ 29. Kg1 Nxe4 30. Rxe4 1-0

[Event "OPEN A Condom 2008"]
[Site "Condom"]
[Date "????.??.??"]
[Round "4.18"]
[White "Dugailliez, Guy"]
[Black "Iglesias, Joachim"]
[Result "1/2-1/2"]
[WhiteElo "2045"]
[BlackElo "2187"]
[PlyCount "61"]

1. e4 c5 2. Nf3 d6 3. d4 Nf6 4. Nc3 cxd4 5. Nxd4 g6 6. Bc4 Bg7 7. Be3 O-O 8. f3
Nc6 9. Qd2 Bd7 10. O-O-O Qa5 11. h4 Rfc8 12. Bb3 Ne5 13. Nd5 Qxd2+ 14. Rxd2
Nxd5 15. Bxd5 Nc4 16. Bxc4 Rxc4 17. Kb1 Rac8 18. c3 b5 19. Nc2 a5 20. a3 f5 21.
Bg5 fxe4 22. Bxe7 exf3 23. gxf3 b4 24. cxb4 axb4 25. Nxb4 Rxb4 26. axb4 Bf5+
27. Ka2 Ra8+ 28. Kb3 Be6+ 29. Kc2 Rc8+ 30. Kb1 Bf5+ 31. Ka2 1/2-1/2

[Event "OPEN A Condom 2008"]
[Site "Condom"]
[Date "????.??.??"]
[Round "4.21"]
[White "Morel, Jean-Marc"]
[Black "Maenhout, Thibaut"]
[Result "0-1"]
[WhiteElo "1965"]
[BlackElo "2277"]
[PlyCount "84"]

1. d4 Nf6 2. Bg5 c5 3. d5 Qb6 4. b3 Ne4 5. Bd2 Qf6 6. f3 Qh4+ 7. g3 Nxg3 8. Bg5
Qxg5 9. hxg3 Qxg3+ 10. Kd2 Qe5 11. Nc3 Qd4+ 12. Kc1 Qxc3 13. Kb1 g6 14. a4 Bg7
15. Ra2 Na6 16. Qc1 Nb4 17. Ra3 Bd4 18. e4 Be3 19. Qd1 Nxc2 20. Qxc2 Qe1+ 21.
Ka2 Qxf1 22. Qh2 Bxg1 23. Rxg1 Qxf3 24. Re1 Qc3 25. Qf2 d6 26. Re3 Qe5 27. Rf3
f6 28. Qh4 h5 29. a5 g5 30. Qe1 g4 31. Re3 h4 32. b4 h3 33. bxc5 h2 34. Qh1
dxc5 35. Kb1 Rh3 36. Rxh3 gxh3 37. Ra2 f5 38. Re2 fxe4 39. Rxh2 Bf5 40. Re2
O-O-O 41. a6 e3+ 42. Ka2 Qxd5+ 0-1

[Event "OPEN A Condom 2008"]
[Site "Condom"]
[Date "????.??.??"]
[Round "4.23"]
[White "Tchefranoff, Stephane"]
[Black "Humeau, Cyril"]
[Result "0-1"]
[WhiteElo "1928"]
[BlackElo "2170"]
[PlyCount "204"]

1. e4 e5 2. Nf3 Nf6 3. Nxe5 d6 4. Nf3 Nxe4 5. Nc3 Nxc3 6. dxc3 Be7 7. Be3 Nc6
8. Qd2 Be6 9. Be2 Qd7 10. h3 a6 11. Nd4 Nxd4 12. cxd4 d5 13. c3 h6 14. Bf4 Bf5
15. Qe3 O-O-O 16. Qd2 Rhe8 17. b4 Bg5 18. Bxg5 hxg5 19. O-O-O Re7 20. Rde1 Rde8
21. Bd1 Kb8 22. Bc2 Bxc2 23. Kxc2 Qf5+ 24. Kb2 Re6 25. Rxe6 Qxe6 26. Kc2 Qe4+
27. Kb3 Qxg2 28. Re1 Rxe1 29. Qxe1 Qe4 30. Qg1 f6 31. a4 b6 32. Qd1 Kb7 33. Qh5
Qb1+ 34. Ka3 Qc2 35. Qf3 Qe4 36. Qh5 g6 37. Qh8 Qe7 38. Qg8 Qd7 39. Qxg6 Qxh3
40. Kb3 Qe6 41. f3 Qc6 42. Qd3 b5 43. axb5 Qxb5 44. Qf5 Qc6 45. Kb2 Ka7 46. Kb3
Qd6 47. Kc2 Qd8 48. Kb3 Kb7 49. Kb2 a5 50. bxa5 Ka6 51. Kc2 Kxa5 52. Kd3 Kb6
53. Kc2 Kb7 54. Kd3 Ka7 55. Kc2 Kb6 56. Kd3 Kb7 57. Kc2 Qd6 58. Kd3 Qa6+ 59.
Kc2 Qa2+ 60. Kc1 Qb3 61. Kd2 Qb2+ 62. Kd1 Qxc3 63. Qxd5+ Ka7 64. Ke2 Qb2+ 65.
Ke3 Qa3+ 66. Kf2 Qb2+ 67. Ke3 Qc3+ 68. Ke4 Qc2+ 69. Ke3 Qc1+ 70. Kd3 Qb1+ 71.
Ke3 Qb6 72. Ke4 Qb1+ 73. Ke3 f5 74. Kf2 Qb4 75. Kg2 Qf8 76. Qa5+ Kb8 77. Qb5+
Ka7 78. Qa5+ Kb8 79. Qb5+ Kc8 80. Qa6+ Kd8 81. Qc4 Qf6 82. Kg3 Kd7 83. Qb5+ Ke7
84. Qc4 Kd7 85. Qb5+ Ke7 86. Qc4 Qd6+ 87. Kg2 Kf8 88. Qa4 Kg7 89. Qc4 Qe7 90.
Kg3 Kh6 91. Kg2 Kh7 92. Kg3 Kg7 93. Kg2 Kh6 94. Kg3 Kh5 95. Qg8 Qe1+ 96. Kg2
Qe2+ 97. Kg1 Qxf3 98. Qf7+ Kg4 99. Qxc7 Qe3+ 100. Kg2 Qd2+ 101. Kf1 Qf4+ 102.
Qxf4+ Kxf4 0-1

[Event "OPEN A Condom 2008"]
[Site "Condom"]
[Date "????.??.??"]
[Round "4.36"]
[White "Luciani, Thibault"]
[Black "Muratet, Lucas"]
[Result "0-1"]
[WhiteElo "1828"]
[BlackElo "1934"]
[PlyCount "38"]

1. e4 c5 2. Nc3 e6 3. g3 d5 4. exd5 exd5 5. Bg2 Nf6 6. d4 cxd4 7. Qxd4 Nc6 8.
Qe3+ Be7 9. Nge2 O-O 10. Qd2 Be6 11. O-O Bc5 12. Qd1 Re8 13. Bf4 d4 14. Nb5 Rc8
15. Kh1 a6 16. Bxc6 bxc6 17. Nbxd4 Bh3 18. Re1 Ng4 19. Kg1 Qd5 0-1